| 000 | 01201cam a22003258a 4500 | ||
|---|---|---|---|
| 001 | 016863834 | ||
| 003 | OSt | ||
| 005 | 20160308125331.0 | ||
| 008 | 140901s2014 paua frb 001 0 eng d | ||
| 020 | _a9780323311618 (hbk.) | ||
| 040 |
_aStDuBDS _beng _cStDuBDS _dEG-ScBUE |
||
| 082 | 0 | 4 |
_a616.075722 _bCON _222 |
| 245 | 0 | 0 |
_aCone beam computed tomography : _bfrom capture to reporting / _ceditors Dale A. Miles, Robert A. Danforth. |
| 246 | 3 | 4 | _aClinics review articles |
| 260 |
_aPhiladelphia : _bElsevier, _c2014. |
||
| 300 |
_ax, p. 463-716 : _bill. (some col.) ; _c23 cm. |
||
| 490 | 0 |
_aDental clinics of North America, _x00118532 ; _vv. 58, no. 3 |
|
| 500 | _aIndex : p. [711]-716. | ||
| 500 | _a"Clinics review articles"--Cover | ||
| 504 | _aIncludes bibliographical references. | ||
| 520 | _aArticles examine cone beam CT imaging, its clinical applications, and risks and liabilities associated with its use. | ||
| 650 | 0 |
_aTomography. _2BUEsh _97338 |
|
| 650 | 0 |
_aJaws _xTomography. _2BUEsh |
|
| 650 | 0 |
_aMouth _xTomography. _2BUEsh |
|
| 651 | _2BUEsh | ||
| 653 |
_bDDent _cMarch2016 |
||
| 700 | 1 |
_aMiles, Dale A., _eeditor. |
|
| 700 | 1 |
_aDanforth, Robert A., _eeditor. |
|
| 942 | _2ddc | ||
| 999 |
_c21338 _d21310 |
||